| 000 | 00383 a2200133 4500 | ||
|---|---|---|---|
| 001 | 87954 | ||
| 082 | _aPR 313 | ||
| 090 |
_c41424 _d41424 |
||
| 100 | _aZubair Jami; Iqbal Rasool, prof | ||
| 245 |
_aModeling of frame 5 of super mushshak aircraft in solid edge and its analysis in ANSYS _nG-58 |
||
| 260 |
_aRisalpur _bNUST _c2003 |
||
| 300 | _a40 p. | ||
| 500 | _aBE project reports AE | ||
| 942 |
_aCAE NUST _kPR 313 |
||
| 999 |
_c323027 _d323027 |
||